000 01070nam a2200289Ia 4500
003 OSt
005 20221005110558.0
006 a|||||r|||| 00| 0
007 ta
008 221004b |||||||| |||| 00| 0 hin d
020 _a8126312211 (hbk)
_cINR 150.00
024 _a37004
037 _bBW/1687, 15/03/2018, Bookwell
_cTextual
040 _aCRL
_cCRL
_bhin
041 _2hin
_ahin
082 _aO152,3N42,TA, P6
100 _aत्रिवेदी, प्रमोद, ले.
245 0 _aतथापि
246 _aTathāpi
260 _aनई दिल्ली
_bभारतीय ज्ञानपीठ भारत
_c2006
300 _a207पृ0
_ccm.
490 _aलोकोदय ग्रन्थमाला; ग्रन्थांक 820
650 _a हिन्दी साहित्य
650 _aहिन्दी कहानी
942 _hO152,3N42,TA, P6
_cTEXL
_2cc
999 _c1019267
_d1019267